Contemporary relevance of Ambedkar's thoughts (Record no. 445466)

000 -LEADER
fixed length control field 00552cam a22001577a 4500
008 - FIXED-LENGTH DATA ELEMENTS--GENERAL INFORMATION
fixed length control field 180718b2017 xxu||||| |||| 00| 0 eng d
020 ## - INTERNATIONAL STANDARD BOOK NUMBER
International Standard Book Number 9788131607411
082 ## - DEWEY DECIMAL CLASSIFICATION NUMBER
Classification number A99 Am16/R141
245 ## - TITLE STATEMENT
Title Contemporary relevance of Ambedkar's thoughts
Statement of responsibility, etc. edited by Avatthi Ramaiah
260 ## - PUBLICATION, DISTRIBUTION, ETC.
Place of publication, distribution, etc. Jaipur
Name of publisher, distributor, etc. Rawat
Date of publication, distribution, etc. 2017
300 ## - PHYSICAL DESCRIPTION
Extent 286p.
650 ## - SUBJECT ADDED ENTRY--TOPICAL TERM
Topical term or geographic name entry element Ambedkar, B. R. -- (Bhimrao Ramji), -- 1891-1956
650 ## - SUBJECT ADDED ENTRY--TOPICAL TERM
Topical term or geographic name entry element India -- Social conditions
650 ## - SUBJECT ADDED ENTRY--TOPICAL TERM
Topical term or geographic name entry element Ambedkar, B. R. -- (Bhimrao Ramji), -- 1891-1956 -- Political and social views
700 ## - ADDED ENTRY--PERSONAL NAME
Personal name Ramaiah, Avatthi
Holdings
Withdrawn status Lost status Damaged status Not for loan Permanent Location Current Location Date acquired Full call number Barcode Date last seen Price effective from Koha item type
        Indian Institute of Public Administration Indian Institute of Public Administration 2017-01-16 A99 Am16/R141 86801 2018-07-21 2018-07-21 Book

Powered by Koha